| 000 | 00861nam a22002537a 4500 | ||
|---|---|---|---|
| 003 | dpl | ||
| 005 | 20180818121102.0 | ||
| 008 | 180818b xxu||||| |||| 00| 0 eng d | ||
| 010 | _aB-119526 | ||
| 020 |
_a0761997563 _c850.00 |
||
| 035 | _aB-119527 | ||
| 037 | _bCen Lib/Ret | ||
| 040 |
_aDPL _bEN _c0 |
||
| 082 |
_a700.4580954 _bBEY |
||
| 245 |
_aBeyond appearances : _bvisual practices and ideologies in modern India / _cedited by Sumathi Ramaswamy |
||
| 260 |
_aNew Delhi _bSage Publication India Pvt. Ltd _c2003 |
||
| 270 |
_aB-42, Panscheel Enclave _bNew Delhi _e110017 |
||
| 300 |
_axiii, 666p. : _bill.col _c20cm(Hb) |
||
| 490 |
_aContributions to indian sociology occasional studies _vno. 10 |
||
| 500 | _aIncludes index | ||
| 650 |
_aArt _930360 |
||
| 650 |
_aNationalism and art _9105653 |
||
| 942 |
_2ddc _cEN _h700.4580954 _mRAM |
||
| 999 |
_c122425 _d122425 |
||